| 000 | 04838nam a22004931 4500 | ||
|---|---|---|---|
| 005 | 20050808122104.0 | ||
| 008 | 721219s1962 nyu 000 0 eng | ||
| 010 | _aB-346123-145 | ||
| 020 |
_a9780330464796 _c295.00 |
||
| 035 | _aB-346123-145 | ||
| 037 | _bPansy Books | ||
| 040 |
_adpl _bEnglish |
||
| 082 | _aN | ||
| 100 | _aPadmanabhan, Manjula | ||
| 245 |
_aEscape / _cby Manjula Padmanabhan |
||
| 260 |
_aLondon _bPicador Pan Macmillan Ltd. _c2008 |
||
| 270 |
_a20 New Wharf Road, _bLondon _eN1 9RR |
||
| 300 |
_a419p _c21cm(pbk) |
||
| 942 |
_2ddc _cEN _hN _mPAD |
||
| 999 |
_c23894 _d23894 |
||